Experiemental pharmacology. (Record no. 4354)

MARC details
000 -LEADER
fixed length control field 00509nam a22001937a 4500
003 - CONTROL NUMBER IDENTIFIER
control field OSt
005 - DATE AND TIME OF LATEST TRANSACTION
control field 20160614141004.0
008 - FIXED-LENGTH DATA ELEMENTS--GENERAL INFORMATION
fixed length control field 160614b xxu||||| |||| 00| 0 eng d
020 ## - INTERNATIONAL STANDARD BOOK NUMBER
International Standard Book Number 8123906498
040 ## - CATALOGING SOURCE
Transcribing agency DNLM.
082 ## - DEWEY DECIMAL CLASSIFICATION NUMBER
Classification number QV34 P64e 2007.
100 ## - MAIN ENTRY--PERSONAL NAME
Personal name Pillai K.K;
9 (RLIN) 9388
245 ## - TITLE STATEMENT
Title Experiemental pharmacology.
260 ## - PUBLICATION, DISTRIBUTION, ETC. (IMPRINT)
Place of publication, distribution, etc. New,Delhi;
Name of publisher, distributor, etc. CBS Publishers and distributers.
Date of publication, distribution, etc. 2007.
300 ## - PHYSICAL DESCRIPTION
Extent xi,124p;
Other physical details ill.
Dimensions 17cm
504 ## - BIBLIOGRAPHY, ETC. NOTE
Bibliography, etc includes index.
650 ## - SUBJECT ADDED ENTRY--TOPICAL TERM
Topical term or geographic name as entry element pharmacology.
9 (RLIN) 357
942 ## - ADDED ENTRY ELEMENTS (KOHA)
Source of classification or shelving scheme Other/Generic Classification Scheme
Koha item type Open Shelf
Holdings
Withdrawn status Lost status Source of classification or shelving scheme Damaged status Not for loan Home library Current library Date acquired Source of acquisition Inventory number Total Checkouts Full call number Barcode Date last seen Price effective from Koha item type
    Other/Generic Classification Scheme     MUST Main Library MUST Main Library 14/06/2016   08/29334   QV34 P64e 2007. 2016-2468 14/06/2016 14/06/2016 Open Shelf
    Other/Generic Classification Scheme     MUST Main Library MUST Main Library 14/06/2016   08/29331   QV34 P64e 2007. 2016-2469 14/06/2016 14/06/2016 Open Shelf
    Other/Generic Classification Scheme     MUST Main Library MUST Main Library 14/06/2016   08/29332   QV34 P64e 2007. 2016-2470 14/06/2016 14/06/2016 Open Shelf
    Other/Generic Classification Scheme     MUST Main Library MUST Main Library 14/06/2016   08/29334   QV34 P64e 2007. 2016-2471 14/06/2016 14/06/2016 Open Shelf